Gran diccionario de la lengua española Larousse : (Registro nro. 218)
[ vista simple ]
| 000 -Cabecera | |
|---|---|
| Campo de control interno | 01104nam a2200241Ia 4500 |
| 005 - Fecha y hora del registro | |
| control field | 20251203123019.0 |
| 008 - Elementos de Longitud Fija | |
| fixed length control field | 251203t2003||||xx |||||||||||||| ||spa|| |
| 020 ## - ISBN | |
| ISBN | 9972969878 |
| 041 ## - Idioma | |
| Codigo Idioma | ESP |
| 082 ## - DEWEY y NOTACIÓN INTERNA | |
| Dewey | RD 460 |
| Notación Interna | S64 |
| 100 ## - AUTOR | |
| Autor denominación | Martí, María Antonia, |
| Títulos y otras palabras asociadas con el nombre | COR |
| 110 ## - AUTOR INSTTITUCIONAL | |
| Autor Institucional | Sociedad Comercial y Editorial Santiago |
| 245 #0 - TÍTULO DE MATERIAL BIBLIOGRÁFICO | |
| Título | Gran diccionario de la lengua española Larousse : |
| Título paralelo | Tomos 1-12 |
| 260 ## - CIUDAD, EDITORIAL, AÑO | |
| Ciudad | Santiago, Chile : |
| Nombre de la Editorial | Sociedad Comercial y Editorial Santiago, |
| Año | 2003 |
| 300 ## - DESCRIPCIÓN | |
| N° Páginas | xxii, 134 páginas : |
| Otros detalles | |
| Dimensiones | 29 cm. |
| Material Adicional | |
| 440 ## - MENCIÓN DE SERIE | |
| Título de la Serie | |
| Número de Serie | |
| Volumen de Serie | |
| 505 ## - TABLA DE CONTENIDO | |
| Tabla de Contenido | Contiene: Tomo 1: A/Astrometría. – Tomo 2: Astronauta/ Charrete. – Tomo 3: Charretera/ Darviniano. – Tomo 4: Darvinismo/ Empuje. – Tomo 5: Empujón/Fraternizar. – Tomo 6: Fraterno/ Infortuna. – Tomo 7: Infortunado, A/ Marital. – Tomo 8: Maritata/ Oreoselino. – Tomo 9: Oretano/ Potador, a. – Tomo 10: Potaje/ Rogar. – Tomo 11: Rogativa/ Termotecnia. – Tomo 12: Termoterapia/ Zuzón. |
| 650 ## - TEMAS | |
| Temas | Lenguas |
| 653 ## - DESCRIPTORES | |
| Lenguajes no controlado | Lengua española - Diccionario |
| 654 ## - PROGRAMAS | |
| Programa | Todos los programas |
| 942 ## - ELEMENTOS DE KOHA | |
| Tipo de documento | Diccionario |
| Nombre del creador | Justo Noguera |
| Código de catalogador | Margarita Torres |
| Esquema de clasificación | Dewey Decimal Classification |
| Suppress in OPAC | |
| Codigo completo | Registro | Colección | Copia número | Disponibilidad | Tipo de préstamo | Biblioteca Actual | Procedencia (Biblioteca) | Ubicacón | Fecha Ingreso | Tipo de Adquisición | Date last seen | Total checkouts | Price effective from | Tipo de Item | Estado del Material | Fuente de Clasificación | Damaged status | Withdrawn status |
|---|---|---|---|---|---|---|---|---|---|---|---|---|---|---|---|---|---|---|
| RD 460 S64 | 1085089 | Colección Vera Bejar | 1 | Restringido | Víctor Andrés Belaunde | Víctor Andrés Belaunde | Planta baja cerrada | 03/12/2025 | Donación | 03/12/2025 | 03/12/2025 | Diccionario | Bueno | Dewey Decimal Classification | Withdrawn |




